<?xml version="1.0" encoding="UTF-8"?>
<collection xmlns="http://www.loc.gov/MARC21/slim">
    <record>
        <controlfield tag="001">45615</controlfield>
        <controlfield tag="005">20170831220518.0</controlfield>
        <datafield tag="037" ind1=" " ind2=" ">
            <subfield code="a">GDOC-2010-1023</subfield>
        </datafield>
        <datafield tag="041" ind1=" " ind2=" ">
            <subfield code="a">spa</subfield>
        </datafield>
        <datafield tag="100" ind1=" " ind2=" ">
            <subfield code="0">(orcid)0000-0003-4810-0062</subfield>
            <subfield code="a">Campos Laclaustra, Francisco Javier</subfield>
        </datafield>
        <datafield tag="245" ind1="0" ind2="0">
            <subfield code="9">62637</subfield>
            <subfield code="a">Modelos formales en bioinformática</subfield>
        </datafield>
        <datafield tag="260" ind1=" " ind2=" ">
            <subfield code="a">Zaragoza</subfield>
            <subfield code="b">Universidad de Zaragoza</subfield>
            <subfield code="c">2010-2011</subfield>
        </datafield>
        <datafield tag="520" ind1=" " ind2=" ">
            <subfield code="a">La asignatura consta de 4 créditos ECTS o 100 horas de trabajo del alumno. El Máster en Ingeniería de Sistemas e Informática tiene un bloque de asignaturas que forma al alumno en ingeniería de sistemas de eventos discretos. Dentro de ese bloque, esta asignatura se centra en aspectos de análisis cuantitativo de propiedades temporales con modelos estocásticos. Como dominio de aplicación se elige el de la bioinformática. Así, los modelos estocásticos introducidos se aplicarán al estudio de problemas de dinámica de poblaciones, redes bioquímicas o alineamiento de secuencias en bioinformática.   Su sitio web es: http://webdiis.unizar.es/asignaturas/SPN/</subfield>
        </datafield>
        <datafield tag="521" ind1=" " ind2=" ">
            <subfield code="9">630</subfield>
            <subfield code="a">Máster Universitario en Ingeniería de Sistemas e Informática</subfield>
        </datafield>
        <datafield tag="540" ind1=" " ind2=" ">
            <subfield code="a">by-nc-sa</subfield>
            <subfield code="b">Creative Commons</subfield>
            <subfield code="c">3.0</subfield>
            <subfield code="u">http://creativecommons.org/licenses/by-nc-sa/3.0/</subfield>
        </datafield>
        <datafield tag="700" ind1=" " ind2=" ">
            <subfield code="0">(orcid)0000-0002-7093-228X</subfield>
            <subfield code="a">Júlvez Bueno, Jorge Emilio</subfield>
        </datafield>
        <datafield tag="830" ind1=" " ind2=" ">
            <subfield code="9">345</subfield>
        </datafield>
        <datafield tag="856" ind1="4" ind2=" ">
            <subfield code="s">95220</subfield>
            <subfield code="u">http://zaguan.unizar.es/record/45615/files/guia.pdf</subfield>
            <subfield code="y">Guía (idioma español)</subfield>
        </datafield>
        <datafield tag="980" ind1=" " ind2=" ">
            <subfield code="a">GDOC</subfield>
            <subfield code="b">Ingeniería y Arquitectura</subfield>
            <subfield code="c">106</subfield>
        </datafield>
    </record>

    
</collection>